000 00659nam a2200217Ia 4500
003 GCL
008 140319s9999 xx 000 0 ara d
040 _aGCL /
_cGCL
082 0 4 _a320.5
_bى هـ
100 1 _aياسين الحافظ
245 1 0 _aالهزيمة والايولوجية المهزومة /
_cياسين الحافظ
260 _a[S.N] :
_bمعهد الانتماء العربى ،
_c1990
300 _a291 ص
490 _a
650 0 4 _aالحقوق السياسية
650 0 4 _aالسياسة
650 0 4 _aنظريات
650 0 4 _aالنظم السياسية
650 0 4 _aالمذاهب السياسية
942 _2ddc
_cBK
999 _c36284
_d36284